[Event "WSTCC-65 2020"]
[Site "Prague"]
[Date "2020.03.12"]
[Round "7.23"]
[White "Kradolfer, Georg"]
[Black "Lechtynsky, Jiri"]
[Result "0-1"]
[WhiteElo "1991"]
[BlackElo "2330"]
[Annotator "TA"]
[PlyCount "82"]
[EventDate "2020.03.06"]
[EventType "team-tourn"]
[EventCountry "CZE"]
[SourceTitle "playchess.com"]
[Source "ChessBase"]
[SourceQuality "1"]

{[%evp 15,82,9,5,-23,0,0,6,-9,0,-16,-15,-33,-11,-38,-37,-39,-41,-61,-20,-24,-25,-19,-31,-21,5,12,12,14,15,0,0,0,0,0,0,-20,-16,-83,-78,-411,-402,-411,-412,-748,-721,-1115,-1105,-1090,-27,-1090,-1090,-1075,-1070,-1039,-1021,-942,-901,-5289,-5181,-29981,-29982,-29982,-29983,-29991,-29992,-29992,-29993,-29993,0]} 1. c4 g6 2. Nc3 Bg7 3. Nf3 c5 4. g3 b6 5. Bg2 Bb7 6. O-O Nf6 7. d3 O-O 8. e4 Nc6 9. Nd5 {A30: Symmetrical English: Double Fianchetto and Hedgehog.} Ne8 10. Rb1 e6 11. Nf4 {The position is equal.} d6 12. a3 a5 {[%cal Ba7a5,Ba5a4][%mdl 32]} 13. Bd2 a4 14. Qc1 Na5 15. Bc3 Nb3 16. Qc2 Ra7 17. Bxg7 Nxg7 18. Ne2 e5 19. Nd2 Nxd2 20. Qxd2 f5 21. f4 Ne6 22. Rbe1 fxe4 $1 23. Bxe4 Bxe4 24. dxe4 {And now Qd5 would win.} Nd4 25. Nxd4 cxd4 26. Qb4 (26. Re2 $11 {keeps the balance.}) 26... exf4 $1 $17 {[%mdl 64] Remove Defender} 27. gxf4 $2 {[%mdl 8192] [#]} (27. Qd2 $17 {is more resistant.}) 27... Rxf4 $1 $19 {[%mdl 576] Remove Defender} 28. Rxf4 Qg5+ {[%mdl 64] Double Attack} 29. Kh1 (29. Kf1 $142 Qxf4+ {[%mdl 64] Double Attack} 30. Ke2) 29... Qxf4 30. Qxb6 {[%mdl 4096] Endgame KQR-KQR} Rf7 {( -> ...Qf3+)} 31. Qxd4 Qf3+ 32. Kg1 {[#]} Rf4 $1 {[%cal Rf4g4][%mdl 512]} 33. Qd5+ Kg7 {[%cal Rf4g4]} 34. Qd4+ Kf7 $1 {[%cal Rf4g4]} 35. Qd5+ Ke7 $1 {[%cal Rf4g4]} 36. Qb7+ Kf8 $1 {[%cal Rf4g4]} 37. Qa8+ Kg7 {[%cal Rf4g4] Black mates.} 38. Qa7+ Kf6 $1 {[%cal Rf4g4]} 39. Qd4+ {[#]} Ke7 $1 {[%cal Rf4g4]} 40. Qg7+ Ke6 {[%cal Rf4g4]} 41. Qg8+ {[#]} Ke5 $146 {[%mdl 32768] Accuracy: White = 60%, Black = 92%. . Sensor Board Error (Ke4/e5)?} (41... Kd7 {mates} 42. Qf7+ Rxf7 43. e5 Rf4 44. h3 Qg3+ {[%mdl 64] Double Attack} 45. Kh1 Qxe1+ {[%mdl 64] Double Attack} 46. Kh2 {[#]} Qe2+ $1 {[%mdl 576] Double Attack} 47. Kh1 Rf1#) ({Predecessor:} 41... Kd7) 0-1

[Event "WSTCC-65 2020"]
[Site "Prague"]
[Date "2020.03.12"]
[Round "7.24"]
[White "Spacek, Petr"]
[Black "Staechelin, Ruedi"]
[Result "0-1"]
[WhiteElo "2333"]
[BlackElo "1994"]
[Annotator "TA"]
[PlyCount "66"]
[EventDate "2020.03.06"]
[EventType "team-tourn"]
[EventCountry "CZE"]
[SourceTitle "playchess.com"]
[Source "ChessBase"]
[SourceQuality "1"]

{[%evp 16,66,14,0,0,0,0,0,41,38,34,5,12,0,30,2,27,21,15,30,48,0,12,17,35,34,58,29,46,37,42,32,162,0,0,0,0,-19,29,0,15,0,31,-11,20,10,18,19,20,0,0,-511,-512]} 1. Nf3 d5 2. g3 c6 3. Bg2 Nf6 4. O-O h6 5. b3 Bf5 6. Bb2 e6 7. d3 Be7 8. Nbd2 O-O 9. Re1 Nbd7 {A07: Réti Opening: New York and Capablanca Systems.} 10. e4 dxe4 11. dxe4 Bh7 {The position is equal.} 12. Qe2 Qc7 13. a3 Rfd8 {[#]} 14. h3 $146 ({Predecessor:} 14. e5 Ne8 15. Ne4 Nc5 16. Nfd2 Rd7 17. Nxc5 Bxc5 18. Be4 Rad8 19. Bxh7+ Kxh7 20. Nf3 {½-½ (67) Astaneh Lopez,A (2442)-Rudolf,M (2349) Budapest 2018}) 14... Ne8 15. Rad1 e5 16. Nc4 {[%cal Rf3e5]} f6 17. Nh4 Kh8 18. Bf3 Nf8 19. Nf5 Rxd1 20. Rxd1 Rd8 21. Bh5 Ne6 22. Rxd8 Qxd8 23. Qg4 N8c7 {[#]} (23... N6c7 $14) 24. Bg6 $2 (24. Bxe5 $1 $18 b5 25. Ncd6 Bxd6 26. Nxd6) 24... Bf8 25. Bxh7 Kxh7 26. Nh4 Kh8 27. Ne3 Qe8 28. Kg2 Qf7 29. Qf5 Qe8 30. Ng4 Be7 31. Ng6+ Kg8 32. f4 exf4 33. gxf4 $2 {[%mdl 8192] [#]} (33. Nxf4 $11 Nxf4+ 34. gxf4) 33... Qxg6 $1 {[%mdl 512] Accuracy: White = 61%, Black = 61%.} 0-1

[Event "WSTCC-65 2020"]
[Site "Prague"]
[Date "2020.03.12"]
[Round "7.25"]
[White "Boehnisch, Manfred"]
[Black "Ackermann, Hans Werner"]
[Result "1-0"]
[WhiteElo "2246"]
[BlackElo "2242"]
[Annotator "TA"]
[PlyCount "103"]
[EventDate "2020.03.06"]
[EventType "team-tourn"]
[EventCountry "CZE"]
[SourceTitle "playchess.com"]
[Source "ChessBase"]
[SourceQuality "1"]

{[%evp 10,103,39,12,19,26,30,26,27,0,8,0,7,11,15,0,0,0,10,-29,-8,-5,2,-46,-29,-29,-23,-15,0,-59,-26,-40,-32,-52,-48,-65,0,-1,83,74,67,72,212,207,212,213,220,220,224,202,347,343,516,522,517,509,550,385,398,390,392,381,384,367,416,415,423,411,421,428,420,420,404,374,532,526,638,636,775,772,942,951,795,647,1052,1026,1225,1289,5700,5206,1933,1482,5608,5482,29976,5929]} 1. e4 c5 2. Nf3 e6 3. c3 a6 4. d4 d5 5. exd5 exd5 6. Be3 c4 {B22: Sicilian: 2 c3.} 7. b3 cxb3 8. axb3 Bd6 {[#] White has an edge.} 9. g3 $146 ({Predecessor:} 9. Bd3 Ne7 10. O-O Bf5 11. Bxf5 Nxf5 12. Bg5 f6 13. Qd3 Qd7 14. Re1+ Kf7 15. c4 {0-1 (52) Karjakin,S (2767)-Svidler,P (2769) Stavanger 2013}) 9... Nc6 10. Bg2 Nf6 11. O-O O-O 12. c4 h6 13. Nc3 Be6 14. Nd2 {[%cal Rc4d5]} Bb4 15. Ne2 Re8 16. Rc1 Bg4 {[#] aiming for ...Nxd4!} 17. Nf3 $1 Qd7 18. Nf4 Rad8 19. Nd3 (19. h3 $11 Bxf3 20. Qxf3) 19... Ba3 20. Ra1 Bd6 21. Qd2 Qf5 22. Nh4 Qh5 (22... Qh7 $1 $15) 23. h3 $11 dxc4 (23... Bxh3 $1 $11 {remains equal.} 24. Bxh3 g5) 24. hxg4 $16 Nxg4 25. Bxc6 $1 Rxe3 {Loses the game.} (25... bxc6 $16 {might work better.} 26. bxc4 g5) 26. fxe3 $18 Bxg3 27. Bf3 {[#] Nf2 is the strong threat.} (27. bxc4 Qxh4 28. Rf3 (28. Bxb7 Bh2+ 29. Kg2 Bf4 $11) 28... Bh2+ 29. Kg2 (29. Kf1 bxc6 30. Qg2 Bc7 $11) 29... bxc6 $15) 27... Qxh4 28. Bxg4 $1 ({And not} 28. bxc4 Nxe3 29. d5 Rd6 $17) 28... cxd3 29. Qg2 Rd6 (29... d2 $142) 30. Rf3 Rg6 (30... Bh2+ {keeps fighting.} 31. Kh1 Rg6) 31. Rxg3 h5 32. Qh2 Qg5 33. Qxh5 Qxh5 34. Bxh5 Rxg3+ {[%mdl 4096] Endgame KRB-KR} 35. Kf2 Rg5 36. Bd1 Rb5 37. Rc1 g6 38. Rc3 f5 39. Rxd3 Kf7 40. Rc3 Ke6 41. Kf3 g5 (41... Kf6 $142 42. e4 fxe4+ 43. Kxe4 Rg5) 42. Rc8 Rb4 43. Rc5 f4 44. Rc4 Rb5 45. e4 Ra5 46. Rc1 Rb5 47. Kg4 a5 48. Rc4 Kf6 49. e5+ Ke7 50. Kxg5 Rd5 51. Kxf4 b5 52. Ke4 {Accuracy: White = 89%, Black = 47%.} (52. Rc7+ $142 Kd8 53. Ke4 Rxd4+ 54. Kxd4 Kxc7 55. Kc5 Kd7 56. Bg4+ Ke7 57. Kxb5) 1-0

[Event "WSTCC-65 2020"]
[Site "Prague"]
[Date "2020.03.12"]
[Round "7.26"]
[White "Baum, Bernd"]
[Black "Beltz, Robert"]
[Result "1-0"]
[WhiteElo "2249"]
[BlackElo "2158"]
[Annotator "TA"]
[PlyCount "113"]
[EventDate "2020.03.06"]
[EventType "team-tourn"]
[EventCountry "CZE"]
[SourceTitle "playchess.com"]
[Source "ChessBase"]
[SourceQuality "1"]

{[%evp 23,113,45,54,16,44,37,43,39,43,40,62,44,44,39,42,36,41,41,41,41,42,39,47,53,47,47,62,40,49,0,0,0,10,0,8,10,6,0,21,20,44,0,0,0,26,27,29,31,149,116,178,27,252,239,216,219,305,294,395,376,406,398,402,384,423,433,558,541,536,485,731,731,688,650,636,599,1086,911,668,599,591,576,29971,29971,29963,29965,29981,29982,29982,29983,29977,29978]} 1. c4 c5 2. Nf3 g6 3. d4 cxd4 4. Nxd4 Bg7 5. e4 Nc6 6. Be3 Nf6 7. Nc3 O-O 8. Be2 d6 9. Nc2 Be6 10. O-O Rc8 11. Qd2 Ng4 12. Bxg4 Bxg4 13. Rac1 {B38: Sicilian: Maroczy Bind with 5...Bg7 and 7...0-0.} Re8 {[#]} 14. b3 $146 ({Predecessor:} 14. f4 Qa5 15. f5 gxf5 16. h3 f4 17. Bxf4 Be6 18. Ne3 Nd4 19. Qf2 Qh5 20. Kh1 Bxc4 21. Nxc4 Rxc4 {1-0 (36) Heinemann,J (2242)-V D Weth V Nordheim,P (1985) Germany 2017}) 14... Qa5 15. Nd4 {White is slightly better.} Bd7 16. Rfd1 Qh5 17. Nce2 (17. Nd5 {with more complications.} Bxd4 18. Bxd4 Nxd4 19. Qxd4 b6 20. Rc3) 17... Nxd4 18. Bxd4 Bxd4 19. Nxd4 b5 20. cxb5 Bxb5 21. Qa5 a6 22. a4 Be2 23. Qxh5 Bxh5 24. f3 {[#] Strongly threatening Nc6.} g5 $1 25. Nc6 Rc7 26. Rd5 f6 27. Ra5 Ra8 {And now ...Be8 would win.} 28. b4 Be8 29. b5 Kf8 30. Kf2 Bxc6 31. bxc6 $11 {[%mdl 4096] Endgame KRR-KRR} Ke8 32. Ke3 Kd8 33. f4 gxf4+ 34. Kxf4 e5+ 35. Kf5 {Threatens to win with Ke6.} Ke7 ({Better is} 35... Rg7 $1 $14 36. Rb1 (36. Kxf6 Rxg2 37. c7+ Kd7 $11) 36... Rg5+ 37. Ke6 Kc7) 36. h4 h5 (36... Rb8 $16) 37. Rc2 $2 ({White should play} 37. Rb1 $18) 37... Rcc8 $2 {[#] Loses the game.} (37... Rg8 $1 $11 {and Black stays safe.}) 38. Rb2 $1 $18 Rxc6 39. Rb7+ Kd8 40. Rd5 ({Weaker is} 40. Kxf6 Rc7 $16) 40... Kc8 41. Rh7 Rb8 42. Rxh5 Rb2 43. g3 Rf2+ 44. Ke6 Re2 45. Rh8+ Kb7 46. Rh7+ Rc7 (46... Kb8 $142 47. Rxd6 Rxd6+ 48. Kxd6 Rxe4) 47. Rxc7+ Kxc7 48. Rxd6 Rxe4 49. Rxa6 {KR-KR} Rg4 50. Kxf6 Rxg3 51. h5 Rh3 52. Kg6 Rg3+ 53. Kf5 {White mates.} Rh3 54. h6 Rh5+ 55. Kg6 Rh1 56. h7 Kb7 57. Re6 {Accuracy: White = 81%, Black = 59%.} 1-0

[Event "WSTCC-65 2020"]
[Site "Prague"]
[Date "2020.03.12"]
[Round "7.27"]
[White "Baumbach, Friedrich"]
[Black "Kierzek, Matthias"]
[Result "1/2-1/2"]
[WhiteElo "2130"]
[BlackElo "2217"]
[Annotator "ChessBase"]
[PlyCount "43"]
[EventDate "2020.03.06"]
[EventType "team-tourn"]
[EventCountry "CZE"]
[SourceTitle "playchess.com"]
[Source "ChessBase"]
[SourceQuality "1"]
[TimeControl "40/5400+30:1800+30"]

1. d4 {[%emt 0:00:00]} d5 {[%emt 0:00:00]} 2. c4 {[%emt 0:00:00]} c6 {[%emt 0:00:00]} 3. Nf3 {[%emt 0:00:01]} Nf6 {[%emt 0:00:00]} 4. Nc3 {[%emt 0:00:28]} dxc4 {[%emt 0:00:05]} 5. a4 {[%emt 0:00:12]} Bf5 {[%emt 0:00:06]} 6. e3 {[%emt 0:00:13]} e6 {[%emt 0:00:12]} 7. Bxc4 {[%emt 0:00:07]} Bb4 {[%emt 0:00:08]} 8. O-O {[%emt 0:00:12]} Nbd7 {[%emt 0:00:13]} 9. Qb3 {[%emt 0:00:16]} a5 {[%emt 0:00:22]} 10. Na2 {[%emt 0:00:23]} Bd6 {[%emt 0:00:13]} 11. Nc3 {[%emt 0:20:17]} O-O {[%emt 0:14:10]} 12. Re1 {[%emt 0:12:19]} Ne4 {[%emt 0:07:25]} 13. Nxe4 {[%emt 0:02:09]} Bxe4 {[%emt 0:00:06]} 14. Nd2 {[%emt 0:02:33]} Bd5 {[%emt 0:02:07]} 15. e4 {[%emt 0:01:18]} Bxc4 {[%emt 0:02:01]} 16. Nxc4 {[%emt 0:00:29]} Bb4 {[%emt 0:00:37]} 17. Bd2 {[%emt 0:03:14]} Bxd2 {[%emt 0:04:00]} 18. Nxd2 {[%emt 0:00:13]} Qb6 {[%emt 0:17:42]} 19. Qc3 {[%emt 0:09:30]} Rfd8 {[%emt 0:11:33]} 20. Nc4 {[%emt 0:11:46]} Qa7 {[%emt 0:04:21]} 21. Red1 {[%emt 0:04:13]} Nf6 {[%emt 0:03:53]} 22. Qe3 {[%emt 0:09:13]} 1/2-1/2

[Event "WSTCC-65 2020"]
[Site "Prague"]
[Date "2020.03.12"]
[Round "7.28"]
[White "Herbrechtsmeier, Christof"]
[Black "Walther, Hans-Wolfgang"]
[Result "1/2-1/2"]
[WhiteElo "2177"]
[BlackElo "2111"]
[Annotator "ChessBase"]
[PlyCount "81"]
[EventDate "2020.03.06"]
[EventType "team-tourn"]
[EventCountry "CZE"]
[SourceTitle "playchess.com"]
[Source "ChessBase"]
[SourceQuality "1"]
[TimeControl "40/5400+30:1800+30"]

1. e4 {[%emt 0:00:00]} e5 {[%emt 0:00:00]} 2. Nf3 {[%emt 0:00:00]} Nc6 {[%emt 0:00:00]} 3. Bc4 {[%emt 0:00:00]} Bc5 {[%emt 0:00:00]} 4. c3 {[%emt 0:00:04]} Qe7 {[%emt 0:00:14]} 5. d4 {[%emt 0:00:08]} Bb6 {[%emt 0:00:06]} 6. Bg5 {[%emt 0:00:13]} Nf6 {[%emt 0:00:47]} 7. d5 {[%emt 0:02:55]} Nb8 {[%emt 0:37:48]} 8. d6 {[%emt 0:00:38]} cxd6 {[%emt 0:02:28]} 9. Na3 {[%emt 0:00:53]} d5 {[%emt 0:08:14]} 10. Bxd5 {[%emt 0:00:45]} h6 {[%emt 0:02:45]} 11. Bxf6 {[%emt 0:00:57]} Qxf6 {[%emt 0:00:09]} 12. Bb3 {[%emt 0:01:26]} O-O {[%emt 0:01:35]} 13. Nc4 {[%emt 0:00:10]} Bc7 {[%emt 0:06:05]} 14. Ne3 {[%emt 0:01:07]} d6 {[%emt 0:01:11]} 15. Nd5 {[%emt 0:00:24]} Qd8 {[%emt 0:00:02]} 16. Qd3 {[%emt 0:01:29]} Na6 {[%emt 0:02:17]} 17. Qe3 {[%emt 0:04:28]} Nc5 {[%emt 0:04:48]} 18. Bc2 {[%emt 0:03:54]} Be6 {[%emt 0:08:54]} 19. O-O-O {[%emt 0:00:47]} b5 {[%emt 0:01:51]} 20. Nxe5 {[%emt 0:07:18]} Bxd5 {[%emt 0:00:30]} 21. Rxd5 {[%emt 0:00:11]} Qe7 {[%emt 0:07:41]} 22. Nc6 {[%emt 0:02:44]} Qh4 {[%emt 0:02:24]} 23. Qg3 {[%emt 0:05:15]} Qxg3 {[%emt 0:00:46]} 24. hxg3 {[%emt 0:00:14]} Rfe8 {[%emt 0:00:19]} 25. f3 {[%emt 0:00:19]} a6 {[%emt 0:00:26]} 26. Nd4 {[%emt 0:02:06]} Re5 {[%emt 0:01:30]} 27. Rxe5 {[%emt 0:01:22]} dxe5 {[%emt 0:00:01]} 28. Nc6 {[%emt 0:00:39]} Kf8 {[%emt 0:00:12]} 29. Rd1 {[%emt 0:00:19]} Ke8 {[%emt 0:00:54]} 30. Rd5 {[%emt 0:06:06]} Nd7 {[%emt 0:00:07]} 31. Bb3 {[%emt 0:01:01]} f6 {[%emt 0:00:26]} 32. Rd1 {[%emt 0:00:38]} Nb6 {[%emt 0:01:21]} 33. Be6 {[%emt 0:01:32]} a5 {[%emt 0:00:31]} 34. a3 {[%emt 0:02:28]} Ra6 {[%emt 0:00:30]} 35. Bf5 {[%emt 0:09:36]} Nc4 {[%emt 0:01:49]} 36. Bg6+ {[%emt 0:08:22]} Kf8 {[%emt 0:00:01]} 37. Nd8 {[%emt 0:01:08]} Ke7 {[%emt 0:02:12]} 38. Nb7 {[%emt 0:03:40]} Rc6 {[%emt 0:05:21]} 39. Bf5 {[%emt 0:15:39]} Nd6 {[%emt 0:00:44]} 40. Nxd6 {[%emt 0:00:00]} Rxd6 {[%emt 0:00:00]} 41. Rxd6 1/2-1/2

[Event "WSTCC-65 2020"]
[Site "Prague"]
[Date "2020.03.12"]
[Round "7.29"]
[White "Rooze, Jan"]
[Black "Watzka, Horst"]
[Result "1/2-1/2"]
[WhiteElo "2245"]
[BlackElo "2166"]
[Annotator "ChessBase"]
[PlyCount "91"]
[EventDate "2020.03.06"]
[EventType "team-tourn"]
[EventCountry "CZE"]
[SourceTitle "playchess.com"]
[Source "ChessBase"]
[SourceQuality "1"]
[TimeControl "40/5400+30:1800+30"]

1. e4 {[%emt 0:00:00]} e5 {[%emt 0:00:20]} 2. Nf3 {[%emt 0:00:00]} Nc6 {[%emt 0:00:08]} 3. Nc3 {[%emt 0:00:00]} Nf6 {[%emt 0:01:31]} 4. Bb5 {[%emt 0:01:06]} Bb4 {[%emt 0:03:26]} 5. O-O {[%emt 0:01:47]} Bxc3 {[%emt 0:02:43]} 6. bxc3 {[%emt 0:03:44]} O-O {[%emt 0:01:13]} 7. d3 {[%emt 0:00:45]} d6 {[%emt 0:00:41]} 8. Re1 {[%emt 0:11:06]} Bd7 {[%emt 0:02:49]} 9. Rb1 {[%emt 0:00:41]} Qe7 {[%emt 0:04:15]} 10. d4 {[%emt 0:07:06]} b6 {[%emt 0:09:07]} 11. Bg5 {[%emt 0:01:49]} Nb8 {[%emt 0:21:55]} 12. Bd3 {[%emt 0:02:48]} Nc6 {[%emt 0:02:05]} 13. h3 {[%emt 0:11:31]} h6 {[%emt 0:11:51]} 14. Bh4 {[%emt 0:05:27]} Rfe8 {[%emt 0:03:31]} 15. Re3 {[%emt 0:05:40]} Kh8 {[%emt 0:05:16]} 16. Bc4 {[%emt 0:07:01]} Na5 {[%emt 0:03:45]} 17. Bf1 {[%emt 0:06:21]} Bc6 {[%emt 0:00:51]} 18. Bd3 {[%emt 0:04:33]} Rg8 {[%emt 0:06:11]} 19. Bg3 {[%emt 0:04:02]} Nd7 {[%emt 0:00:31]} 20. Qd2 {[%emt 0:01:33]} g5 {[%emt 0:02:17]} 21. Re2 {[%emt 0:01:31]} f6 {[%emt 0:00:19]} 22. Nh2 {[%emt 0:01:21]} Nf8 {[%emt 0:00:24]} 23. Ng4 {[%emt 0:00:15]} Kg7 {[%emt 0:00:42]} 24. Ne3 {[%emt 0:00:41]} Bd7 {[%emt 0:01:59]} 25. Nf5+ {[%emt 0:01:20]} Bxf5 {[%emt 0:00:09]} 26. exf5 {[%emt 0:00:07]} Qf7 {[%emt 0:00:42]} 27. Ree1 {[%emt 0:07:51]} Nd7 {[%emt 0:00:30]} 28. Qe2 {[%emt 0:02:37]} Rge8 {[%emt 0:01:36]} 29. Qf3 {[%emt 0:00:20]} Rac8 {[%emt 0:03:30]} 30. Be4 {[%emt 0:02:21]} c6 {[%emt 0:00:47]} 31. d5 {[%emt 0:00:42]} Nc5 {[%emt 0:00:48]} 32. dxc6 {[%emt 0:03:34]} Nxe4 {[%emt 0:00:09]} 33. Rxe4 {[%emt 0:00:49]} Rxc6 {[%emt 0:00:16]} 34. Rd1 {[%emt 0:00:32]} Rec8 {[%emt 0:00:20]} 35. Re3 {[%emt 0:01:30]} Nc4 {[%emt 0:01:56]} 36. Re2 {[%emt 0:00:58]} b5 {[%emt 0:00:34]} 37. h4 {[%emt 0:00:20]} Nb6 {[%emt 0:01:48]} 38. hxg5 {[%emt 0:00:26]} hxg5 {[%emt 0:00:06]} 39. Re3 {[%emt 0:00:48]} Qxa2 40. Red3 {[%emt 0:00:00]} Qf7 {[%emt 0:00:00]} 41. Rxd6 {[%emt 0:00:24]} Rxc3 {[%emt 0:04:20]} 42. Qe2 {[%emt 0:00:15]} Rxc2 {[%emt 0:01:21]} 43. Qxb5 {[%emt 0:00:24]} Rc1 {[%emt 0:00:15]} 44. Qf1 {[%emt 0:02:34]} Rxd1 {[%emt 0:03:14]} 45. Qxd1 {[%emt 0:01:52]} Qc4 46. Bxe5 1/2-1/2

[Event "WSTCC-65 2020"]
[Site "Prague"]
[Date "2020.03.12"]
[Round "7.30"]
[White "Kratschmer, Heinz"]
[Black "Goormachtigh, Johan"]
[Result "1/2-1/2"]
[WhiteElo "2037"]
[BlackElo "2181"]
[Annotator "ChessBase"]
[PlyCount "70"]
[EventDate "2020.03.06"]
[EventType "team-tourn"]
[EventCountry "CZE"]
[SourceTitle "playchess.com"]
[Source "ChessBase"]
[SourceQuality "1"]
[TimeControl "40/5400+30:1800+30"]

1. d4 {[%emt 0:00:00]} Nf6 {[%emt 0:00:00]} 2. Nf3 {[%emt 0:00:00]} g6 {[%emt 0:00:09]} 3. Nc3 {[%emt 0:00:00]} d5 {[%emt 0:00:47]} 4. Bf4 {[%emt 0:00:00]} Bg7 {[%emt 0:00:18]} 5. e3 {[%emt 0:00:14]} O-O {[%emt 0:01:07]} 6. Be2 {[%emt 0:00:11]} c5 {[%emt 0:01:56]} 7. Ne5 {[%emt 0:00:15]} Nc6 {[%emt 0:04:27]} 8. h4 {[%emt 0:01:35]} cxd4 {[%emt 0:02:52]} 9. exd4 {[%emt 0:00:09]} Nd7 {[%emt 0:11:40]} 10. Nf3 {[%emt 0:09:00]} Qb6 {[%emt 0:27:31]} 11. Na4 {[%emt 0:01:52]} Qa5+ {[%emt 0:00:48]} 12. c3 {[%emt 0:00:10]} e5 {[%emt 0:00:32]} 13. b4 {[%emt 0:01:46]} Qd8 {[%emt 0:01:55]} 14. Be3 {[%emt 0:07:10]} exd4 {[%emt 0:07:56]} 15. Nxd4 {[%emt 0:01:03]} Nde5 {[%emt 0:00:28]} 16. Rc1 {[%emt 0:08:12]} Re8 {[%emt 0:00:31]} 17. Kf1 {[%emt 0:05:56]} h5 {[%emt 0:00:43]} 18. a3 {[%emt 0:02:00]} Nxd4 {[%emt 0:04:02]} 19. Bxd4 {[%emt 0:00:24]} Bf5 {[%emt 0:00:57]} 20. Nc5 {[%emt 0:02:21]} b6 {[%emt 0:04:22]} 21. Nd3 {[%emt 0:02:58]} Nxd3 {[%emt 0:03:57]} 22. Bxd3 {[%emt 0:00:14]} Bxd4 {[%emt 0:00:09]} 23. cxd4 {[%emt 0:06:40]} Bxd3+ {[%emt 0:00:17]} 24. Qxd3 {[%emt 0:00:18]} Rc8 {[%emt 0:00:11]} 25. Rxc8 {[%emt 0:12:42]} Qxc8 {[%emt 0:00:03]} 26. g3 {[%emt 0:00:15]} Qc4 {[%emt 0:09:10]} 27. Qxc4 {[%emt 0:00:02]} dxc4 {[%emt 0:00:04]} 28. Kg2 {[%emt 0:00:11]} Re4 {[%emt 0:00:07]} 29. Rd1 {[%emt 0:00:11]} Kf8 {[%emt 0:01:17]} 30. b5 {[%emt 0:04:42]} Ke7 {[%emt 0:00:35]} 31. f3 {[%emt 0:05:48]} Re2+ {[%emt 0:00:29]} 32. Kf1 {[%emt 0:00:02]} Re3 {[%emt 0:00:26]} 33. Re1 {[%emt 0:00:18]} Re6 {[%emt 0:04:05]} 34. Rc1 {[%emt 0:08:35]} Re3 {[%emt 0:00:16]} 35. Re1 {[%emt 0:00:01]} Re6 {[%emt 0:00:25]} 1/2-1/2

[Event "WSTCC-65 2020"]
[Site "Prague"]
[Date "2020.03.12"]
[Round "7.31"]
[White "Van Herck, Marcel"]
[Black "Pitzl, Konstantinos"]
[Result "1/2-1/2"]
[WhiteElo "2056"]
[BlackElo "2023"]
[Annotator "ChessBase"]
[PlyCount "66"]
[EventDate "2020.03.06"]
[EventType "team-tourn"]
[EventCountry "CZE"]
[SourceTitle "playchess.com"]
[Source "ChessBase"]
[SourceQuality "1"]
[TimeControl "40/5400+30:1800+30"]

1. e4 {[%emt 0:00:00]} g6 {[%emt 0:00:00]} 2. d4 {[%emt 0:00:07]} Bg7 {[%emt 0:00:00]} 3. Nf3 {[%emt 0:02:16]} d6 {[%emt 0:00:03]} 4. Nc3 {[%emt 0:00:43]} a6 {[%emt 0:02:58]} 5. a4 {[%emt 0:06:54]} a5 {[%emt 0:02:14]} 6. Be3 {[%emt 0:03:16]} Nf6 {[%emt 0:00:26]} 7. Be2 {[%emt 0:03:03]} O-O {[%emt 0:01:45]} 8. Qd2 {[%emt 0:01:27]} Ng4 {[%emt 0:07:27]} 9. Bg5 {[%emt 0:02:33]} h6 {[%emt 0:00:41]} 10. Bh4 {[%emt 0:01:05]} Na6 {[%emt 0:01:53]} 11. h3 {[%emt 0:10:10]} Nf6 {[%emt 0:00:12]} 12. Rd1 {[%emt 0:04:39]} c6 {[%emt 0:02:37]} 13. e5 {[%emt 0:05:38]} Nd5 {[%emt 0:00:11]} 14. Nxd5 {[%emt 0:10:37]} cxd5 {[%emt 0:00:06]} 15. Bg3 {[%emt 0:00:18]} dxe5 {[%emt 0:10:40]} 16. Bxe5 {[%emt 0:00:48]} Nb4 {[%emt 0:00:30]} 17. Bxg7 {[%emt 0:02:35]} Kxg7 {[%emt 0:00:09]} 18. c3 {[%emt 0:00:05]} Nc6 {[%emt 0:00:06]} 19. Bb5 {[%emt 0:00:26]} Na7 {[%emt 0:02:59]} 20. Bd3 {[%emt 0:00:55]} Nc6 {[%emt 0:00:07]} 21. O-O {[%emt 0:00:14]} Qc7 {[%emt 0:04:07]} 22. Rfe1 {[%emt 0:00:23]} Bd7 {[%emt 0:03:55]} 23. Ra1 {[%emt 0:10:15]} Rfe8 {[%emt 0:06:05]} 24. Bb5 {[%emt 0:06:13]} Nb8 {[%emt 0:09:02]} 25. Bd3 {[%emt 0:01:57]} Nc6 {[%emt 0:00:11]} 26. Re3 {[%emt 0:00:40]} e5 {[%emt 0:00:45]} 27. dxe5 {[%emt 0:01:04]} Nxe5 {[%emt 0:00:06]} 28. Nxe5 {[%emt 0:03:37]} Rxe5 {[%emt 0:04:35]} 29. Rxe5 {[%emt 0:00:07]} Qxe5 {[%emt 0:00:07]} 30. Re1 {[%emt 0:00:09]} Qf6 {[%emt 0:00:25]} 31. Bb5 {[%emt 0:04:17]} Bc6 {[%emt 0:00:36]} 32. Qd3 {[%emt 0:01:13]} Rd8 {[%emt 0:18:11]} 33. Qd4 {[%emt 0:04:58]} Qxd4 {[%emt 0:00:14]} 1/2-1/2